000 01828nem0a2200277 4500
001 RU\NLR\BIBL_A\012608685
005 20260409065827.0
035 _a(NLR Aleph) 012608685
090 _a12603240
_c12603240
100 _a20211001d1886 |||y0rusy50 ca
101 0 _arus
102 _aRU
120 _abyy xx||
123 1 _aа
_b14700
200 1 _aКарта Петергофского рейда
_bКарты
_eсоставлена по морским описям 1855, 58, 59 и 1872-4 годов, по промеру 1882-4 гг. и топографическому плану 1867 г.
_fсоставлял капитан М. Попов
_gкопировали химическою тушью М. Виноградов, П. Анисимов, К. Брейтшпрехер и В. Аковенков
_gкорректировал поручик П. Брянцев
_gпечатана с камня в Главном Гидрографическом управлении в 1886 году
206 _a1:14 700, 175 саж. в 1 дюйме (147 м в 1 см)
210 _a[Санкт-Петербург]
_cГлавное Гидрографическое управление Морского министерства
_d1886
215 _a1 к
_c3 цв., раскраш. маяки
_d59х89 (69х101) см
509 0 1 _7ca
_aПетергофский рейд,
_eНевская губа, южная часть
_eФинский залив, вост. часть
_92638804
_3RU\NLR\AUTH\5507832
607 _aНевская губа
_jКарты
_91673084
_3RU\NLR\AUTH\66742195
608 _aНавигационные карты
_91710552
_3RU\NLR\AUTH\66762325
608 _aМорские карты
_91039709
_3RU\NLR\AUTH\6682249
852 _aNLR
_bК
_j3-Балт 4/480
_m19251
_t12192, 9939
942 _cMAP
980 _aNB